00732nam a2200205 a 450000500170000000800410001702000150005805000260007310000250009924500820012425000120020626000420021830000350026052100090029565000240030470000230032894200170035199900170036895201410038520140310183303.0050706s19uu xx 00 eng d a0324259174 aHD 30.28b.H3757 2004 aHarrison, Jeffrey S. aFoundations in strategic management /cJeffry S. Harrison, Caron H. St. John. a3rd ed. aOhio :bThomson/South-Western,c2004. axiii, 175 p. :bill. ;c26 cm. aBSBA aStrategic planning. aSt. John, Caron H. cBK2lcckFOR c21024d21024 00102lcc40aCLbCLcGCd2005-07-06eF & Jg3651.00l1oHD 30.28 .H3757 2004pC6023r2018-05-15 00:00:00s2014-09-11t1w2013-10-10yBK